[Event "2.ligaD04/05-9"]
[Site "?"]
[Date "????.??.??"]
[Round "?"]
[White "Cetkovsky, Petr"]
[Black "Svihel, Karel"]
[Result "1/2-1/2"]
[WhiteElo "2140"]
[BlackElo "2166"]
[PlyCount "127"]
[EventDate "2005.??.??"]

1. e4 c5 2. Nf3 d6 3. d4 cxd4 4. Nxd4 Nf6 5. Nc3 a6 6. Be2 e6 7. Be3 Qc7 8. Qd2
b5 9. a3 Bb7 10. f3 Nbd7 11. O-O-O Nb6 12. Ndxb5 axb5 13. Nxb5 Qd8 14. Nxd6+
Bxd6 15. e5 Rxa3 16. bxa3 Bxa3+ 17. Kb1 Qxd2 18. Rxd2 Nfd7 19. Bb5 Nd5 20.
Bxd7+ Ke7 21. Rd3 Bb4 22. Bd2 Rb8 23. Bxb4+ Nxb4 24. Rb3 Bd5 25. Ba4 Bxb3 26.
Bxb3 Nd3 27. cxd3 Rxb3+ 28. Kc2 Ra3 29. Rb1 Ra7 30. Rb2 h5 31. Kd2 g6 32. Ke3
Ra4 33. d4 Kf8 34. g4 hxg4 35. fxg4 g5 36. Rb3 Kg7 37. h3 Ra1 38. Ke4 Ra4 39.
Rd3 Rb4 40. Ke3 Rb5 41. Kd2 Rb2+ 42. Kc3 Re2 43. Kc4 Rc2+ 44. Rc3 Rd2 45. Rd3
Rc2+ 46. Kb3 Re2 47. Kb4 Re1 48. Kc5 Re2 49. Kd6 Ra2 50. d5 exd5 51. Kxd5 Ra4
52. Rb3 Kg6 53. Rb6+ Kg7 54. Rb3 Kg6 55. Rd3 Kg7 56. Kd6 Ra6+ 57. Kd5 Ra4 58.
Rd4 Ra3 59. Ke4 Rxh3 60. Kf5 Re3 61. Rd5 Re2 62. Kxg5 Rxe5+ 63. Rxe5 f6+ 64.
Kf4 1/2-1/2

[Event "2.ligaD04/05-9"]
[Site "?"]
[Date "????.??.??"]
[Round "?"]
[White "Zavadil, Michal"]
[Black "Moulis, Mojmir"]
[Result "0-1"]
[WhiteElo "2083"]
[BlackElo "2106"]
[PlyCount "50"]
[EventDate "2005.??.??"]

1. d4 Nf6 2. c4 c5 3. d5 b5 4. cxb5 a6 5. bxa6 Bxa6 6. Nc3 g6 7. e4 Bxf1 8.
Kxf1 Bg7 9. g3 O-O 10. Kg2 Qa5 11. Nf3 d6 12. Bg5 Nbd7 13. Qc2 Rfb8 14. Nd2 Nb6
15. Rhe1 h6 16. Be3 Nfd7 17. h4 Ne5 18. b3 Qb4 19. f4 Ng4 20. Rac1 Bxc3 21.
Qxc3 Qxc3 22. Rxc3 Rxa2 23. Kh3 h5 24. Nc4 Nxc4 25. bxc4 Rh2# 0-1

[Event "2.ligaD04/05-9"]
[Site "?"]
[Date "????.??.??"]
[Round "?"]
[White "Pospisil, Vladimir"]
[Black "Kucera, Vladislav"]
[Result "1/2-1/2"]
[WhiteElo "2080"]
[BlackElo "2053"]
[PlyCount "23"]
[EventDate "2005.??.??"]

1. e4 e5 2. Nf3 Nf6 3. Nc3 Nc6 4. d4 exd4 5. Nxd4 Bb4 6. Nxc6 bxc6 7. Bd3 d5 8.
exd5 cxd5 9. O-O O-O 10. Bg5 c6 11. Qf3 Be7 12. h3 1/2-1/2

[Event "2.ligaD04/05-9"]
[Site "?"]
[Date "????.??.??"]
[Round "?"]
[White "Simbera, Jiri"]
[Black "Komarek, David"]
[Result "1/2-1/2"]
[WhiteElo "2097"]
[BlackElo "2147"]
[PlyCount "117"]
[EventDate "2005.??.??"]

1. Nf3 Nf6 2. b3 d6 3. Bb2 e5 4. d3 Be7 5. g3 Nc6 6. Bg2 Bg4 7. Nbd2 Qd7 8. h3
Be6 9. e4 O-O 10. Ng5 Ne8 11. Ndf3 d5 12. Nxe6 Qxe6 13. exd5 Qxd5 14. O-O Qd6
15. Re1 f6 16. Nd2 Rd8 17. a4 Qd7 18. Ne4 f5 19. Nc3 f4 20. Ne4 Nd4 21. Kh2 Nf6
22. Nxf6+ Bxf6 23. Re4 Qf5 24. Bxd4 Rxd4 25. g4 Qd7 26. Qe2 c6 27. Bf3 Rd8 28.
Kg2 Qe7 29. Re1 Rxe4 30. Bxe4 Qc5 31. Bf5 Bh4 32. Rf1 Rf8 33. Kf3 Rf6 34. Rg1
h6 35. Be4 Rd6 36. Kg2 Rd4 37. Kf3 Rd8 38. Rf1 Rf8 39. Bf5 Re8 40. Be4 Re7 41.
Bf5 Qd5+ 42. Qe4 Qd6 43. Rd1 Kf7 44. Qc4+ Kf6 45. Be4 Rd7 46. Bf5 Rd8 47. d4
Qd5+ 48. Qxd5 Rxd5 49. dxe5+ Kxe5 50. Rxd5+ cxd5 51. Ke2 Kd4 52. Bd3 b6 53. Bg6
Be7 54. Bd3 Bd6 55. Bg6 Ke5 56. h4 Be7 57. h5 Kd4 58. Bd3 Ke5 59. f3 1/2-1/2

[Event "2.ligaD04/05-9"]
[Site "?"]
[Date "????.??.??"]
[Round "?"]
[White "Kubicek, Pavel"]
[Black "Lamser, Miroslav"]
[Result "1/2-1/2"]
[WhiteElo "1891"]
[BlackElo "2066"]
[PlyCount "33"]
[EventDate "2005.??.??"]

1. d4 d5 2. Nf3 e6 3. Bf4 Nf6 4. e3 c5 5. c3 Nc6 6. Nbd2 Be7 7. h3 O-O 8. Bd3
Nh5 9. Bh2 f5 10. Ne5 Nf6 11. O-O Bd7 12. f4 Be8 13. g4 Ne4 14. Nxe4 fxe4 15.
Be2 cxd4 16. Nxc6 Bxc6 17. exd4 1/2-1/2

[Event "2.ligaD04/05-9"]
[Site "?"]
[Date "????.??.??"]
[Round "?"]
[White "Chmelicek, Bronislav"]
[Black "Porc, Pavel"]
[Result "1-0"]
[WhiteElo "1929"]
[BlackElo "1556"]
[PlyCount "55"]
[EventDate "2005.??.??"]

1. e4 c5 2. Nf3 d6 3. d4 cxd4 4. Nxd4 Nf6 5. Nc3 g6 6. Bg5 Bg7 7. Qd2 Nc6 8.
Nb3 O-O 9. f3 Bd7 10. O-O-O Rc8 11. g4 Ne5 12. Be2 Nc4 13. Bxc4 Rxc4 14. h4 Ne8
15. Nd5 f6 16. Bf4 Be6 17. Kb1 Nc7 18. Be3 Nxd5 19. exd5 Bd7 20. h5 f5 21. hxg6
f4 22. Bd4 hxg6 23. Qh2 Rxd4 24. Nxd4 Rf6 25. Qh7+ Kf7 26. g5 Rf5 27. Nxf5 gxf5
28. g6+ 1-0

[Event "2.ligaD04/05-9"]
[Site "?"]
[Date "????.??.??"]
[Round "?"]
[White "Dvorak, Libor"]
[Black "Mares, Jaroslav"]
[Result "1-0"]
[WhiteElo "2046"]
[BlackElo "2089"]
[PlyCount "97"]
[EventDate "2005.??.??"]

1. Nf3 c5 2. c4 Nc6 3. g3 e5 4. Nc3 g6 5. Bg2 Bg7 6. O-O Nge7 7. Rb1 Rb8 8. d3
d6 9. a3 a6 10. b4 cxb4 11. axb4 b5 12. cxb5 axb5 13. Bg5 h6 14. Be3 O-O 15. d4
Nf5 16. d5 Nxe3 17. fxe3 Ne7 18. e4 Bd7 19. Qd3 Qb6+ 20. Kh1 Ra8 21. Ra1 Ra6
22. Nd2 Rfa8 23. Nb3 Rxa1 24. Rxa1 Rxa1+ 25. Nxa1 Qa6 26. Nc2 Nc8 27. e3 Nb6
28. Bf1 Nc4 29. Qd1 Bf6 30. Qa1 Qb6 31. Bxc4 bxc4 32. Qa5 Bd8 33. Qxb6 Bxb6 34.
Kg2 Kf8 35. Kf2 f5 36. Na3 Ke7 37. Nxc4 Bc7 38. b5 Kd8 39. b6 Bb8 40. Na5 Kc8
41. Ke2 Kd8 42. Kd3 Kc8 43. Kc4 Be8 44. Kb4 Bd7 45. Nb5 fxe4 46. Na7+ Kd8 47.
N5c6+ Bxc6 48. Nxc6+ Kc8 49. Kb5 1-0

[Event "2.ligaD04/05-9"]
[Site "?"]
[Date "????.??.??"]
[Round "?"]
[White "Cap, Martin"]
[Black "Fojtach, Ivan"]
[Result "1/2-1/2"]
[WhiteElo "2059"]
[BlackElo "2022"]
[PlyCount "53"]
[EventDate "2005.??.??"]

1. e4 c5 2. c3 e6 3. d4 d5 4. exd5 exd5 5. Nf3 Bd6 6. Bg5 Ne7 7. Bd3 c4 8. Bc2
h6 9. Bh4 O-O 10. O-O Qc7 11. b3 Nf5 12. Bg3 Nxg3 13. hxg3 Bg4 14. bxc4 Qxc4
15. Bb3 Qc6 16. Qd3 Nd7 17. Nbd2 Rac8 18. Rac1 Ba3 19. Rce1 Bxf3 20. Nxf3 Qxc3
21. Qxc3 Rxc3 22. Bxd5 b6 23. Re2 Rfc8 24. Rfe1 Rc1 25. Rxc1 Rxc1+ 26. Re1 Kf8
27. Rxc1 1/2-1/2

[Event "2.ligaD04/05-9"]
[Site "?"]
[Date "????.??.??"]
[Round "?"]
[White "Skrenek, Jiri"]
[Black "Novy, Martin"]
[Result "1/2-1/2"]
[WhiteElo "2046"]
[BlackElo "2117"]
[PlyCount "130"]
[EventDate "2005.??.??"]

1. e4 b6 2. Nf3 Bb7 3. Nc3 e6 4. d4 Bb4 5. Bd3 Nf6 6. Qe2 d5 7. exd5 Nxd5 8.
Bd2 Nxc3 9. Bxc3 Bxc3+ 10. bxc3 Nd7 11. O-O O-O 12. Rad1 Re8 13. c4 Qf6 14. Be4
Bxe4 15. Qxe4 c5 16. Qc6 Rad8 17. c3 e5 18. d5 e4 19. Qxf6 gxf6 20. Nd2 f5 21.
Rfe1 Nf6 22. g3 b5 23. cxb5 Nxd5 24. Nb1 Kg7 25. a4 Nb6 26. a5 Nc4 27. a6 Kf6
28. Kf1 Ke6 29. g4 Rb8 30. gxf5+ Kxf5 31. Rd5+ Re5 32. Rd7 Rxb5 33. Rxf7+ Kg6
34. Rb7 Rxb1 35. Rexb1 Nd2+ 36. Ke2 Nxb1 37. Rxb1 Re6 38. Rb5 Rc6 39. Ke3 Kf5
40. Ra5 h5 41. h3 Ke5 42. Ra4 Kf5 43. Rc4 Kg6 44. Kxe4 Rxa6 45. Rxc5 Ra1 46. h4
Rh1 47. Rc6+ Kf7 48. Rc7+ Ke6 49. Rxa7 Rxh4+ 50. f4 Rh3 51. Ra6+ Kf7 52. c4 Rc3
53. Kd5 Rf3 54. Ke5 Re3+ 55. Kf5 Rc3 56. Ra7+ Ke8 57. Ke6 Re3+ 58. Kf6 Re4 59.
Kg5 Rxc4 60. Rh7 Ra4 61. Rxh5 Kf7 62. Rh7+ Kf8 63. Rb7 Ra1 64. f5 Ra6 65. f6
Ra1 1/2-1/2

[Event "2.ligaD04/05-9"]
[Site "?"]
[Date "????.??.??"]
[Round "?"]
[White "Binder, Jaroslav"]
[Black "Nekula, Richard"]
[Result "0-1"]
[WhiteElo "1987"]
[BlackElo "2042"]
[PlyCount "68"]
[EventDate "2005.??.??"]

1. e4 e5 2. Nf3 Nc6 3. Bc4 Be7 4. Nc3 Nf6 5. d3 d6 6. O-O O-O 7. h3 Na5 8. Bb3
Nxb3 9. axb3 h6 10. Be3 a6 11. Qd2 c6 12. Na4 Be6 13. Qe2 Nd7 14. Nh2 Bg5 15.
Nc3 f5 16. f4 exf4 17. Bxf4 Bxf4 18. Rxf4 Qg5 19. Raf1 Rae8 20. Qd2 Ne5 21. Nf3
Qe7 22. exf5 Rxf5 23. Nxe5 Rxe5 24. Qf2 d5 25. d4 Rg5 26. Qf3 h5 27. Nd1 Bd7
28. Kh2 Qd6 29. Kg1 Qg6 30. Rf8+ Rxf8 31. Qxf8+ Kh7 32. Ne3 Bxh3 33. Qf3 Rg3
34. Qf2 Rxe3 0-1

[Event "2.ligaD04/05-9"]
[Site "?"]
[Date "????.??.??"]
[Round "?"]
[White "Petlak, Josef"]
[Black "Sedlacek, Petr"]
[Result "0-1"]
[WhiteElo "2028"]
[BlackElo "1987"]
[PlyCount "46"]
[EventDate "2005.??.??"]

1. e3 d5 2. c3 Nf6 3. Be2 c5 4. d4 e6 5. Nf3 Nc6 6. O-O Bd6 7. dxc5 Bxc5 8. b4
Bd6 9. Bb2 O-O 10. Nbd2 b6 11. a3 Bb7 12. c4 Qe7 13. Nb3 dxc4 14. Bxc4 Rfd8 15.
Qe2 Rac8 16. Rac1 Ng4 17. Ba6 Nce5 18. Rxc8 Nxf3+ 19. Qxf3 Bxf3 20. Rxd8+ Qxd8
21. h3 Qg5 22. Nd4 Nxe3 23. g4 Nxg4 0-1

[Event "2.ligaD04/05-9"]
[Site "?"]
[Date "????.??.??"]
[Round "?"]
[White "Sladek, Vladislav"]
[Black "Jelen, Jiri"]
[Result "1-0"]
[WhiteElo "1926"]
[BlackElo "1957"]
[PlyCount "79"]
[EventDate "2005.??.??"]

1. d4 Nf6 2. c4 d5 3. Nc3 e6 4. Bg5 Be7 5. e3 O-O 6. cxd5 exd5 7. Bd3 Be6 8.
Nge2 Nbd7 9. O-O Re8 10. f3 Nf8 11. Qc2 h6 12. Bh4 c6 13. Rae1 N6d7 14. Bxe7
Qxe7 15. Ng3 a6 16. Kh1 c5 17. Qf2 b5 18. e4 Qd6 19. exd5 Bxd5 20. Nf5 Qc6 21.
Ne7+ Rxe7 22. Rxe7 Rd8 23. Ree1 b4 24. Ne4 Bxa2 25. dxc5 Ne5 26. Be2 Nd3 27.
Bxd3 Rxd3 28. Rd1 Bc4 29. Nd6 Rxd1 30. Rxd1 Be6 31. Qd4 a5 32. Ne4 Qb5 33. Qd3
Bc4 34. Qd6 Ne6 35. c6 Qb6 36. c7 Qb7 37. Qd8+ Kh7 38. c8=Q Nxd8 39. Rxd8 Qb6
40. Rh8+ 1-0

[Event "2.ligaD04/05-9"]
[Site "?"]
[Date "????.??.??"]
[Round "?"]
[White "Horky, Jaroslav"]
[Black "Krejci, Petr"]
[Result "1-0"]
[WhiteElo "1947"]
[BlackElo "2185"]
[PlyCount "73"]
[EventDate "2005.??.??"]

1. d4 d5 2. Nc3 Nf6 3. Bg5 Nbd7 4. Nf3 c6 5. e3 h6 6. Bh4 e6 7. Bd3 Be7 8. Ne2
Ne4 9. Bxe7 Qxe7 10. c3 f5 11. Rc1 g5 12. h4 g4 13. Bxe4 fxe4 14. Ne5 Qg7 15.
Nf4 Nxe5 16. dxe5 Rg8 17. h5 Qxe5 18. Ng6 Qg5 19. Qd4 b6 20. b4 g3 21. Rc2 Ba6
22. Rh3 gxf2+ 23. Rxf2 O-O-O 24. Qf6 Qxf6 25. Rxf6 Rde8 26. Rf7 Kb8 27. Rh4 e5
28. Rh1 Bc4 29. Rh7 d4 30. Kd2 b5 31. g4 Re6 32. Rh2 Rd8 33. Rf2 Ree8 34. Rf6
dxc3+ 35. Kxc3 Rd3+ 36. Kc2 Rxe3 37. Nxe5 1-0

[Event "2.ligaD04/05-9"]
[Site "?"]
[Date "????.??.??"]
[Round "?"]
[White "Zigo, Viktor"]
[Black "Tuma, Jiri"]
[Result "1/2-1/2"]
[WhiteElo "2302"]
[BlackElo "2240"]
[PlyCount "68"]
[EventDate "2005.??.??"]

{192MB, Fritz8.ctg, V-ZIGO} 1. e4 e5 2. Nf3 Nc6 3. Bb5 a6 4. Ba4 Nf6 5. O-O b5
6. Bb3 Be7 7. Re1 d6 8. c3 O-O 9. h3 Na5 10. Bc2 c5 11. d4 Qc7 12. Nbd2 Nc6 13.
d5 Nd8 14. a4 Rb8 15. axb5 axb5 16. b4 c4 17. Nf1 Ne8 18. Ng3 g6 19. Bh6 Ng7
20. Nh2 f6 21. Ng4 Nf7 22. Qd2 Bxg4 23. hxg4 Ra8 24. Be3 Qb7 25. Reb1 Ra6 26.
Qd1 Rfa8 27. Rxa6 Qxa6 28. Bc1 Bd8 29. Bb2 Qb7 30. Ra1 Bb6 31. Rxa8+ Qxa8 32.
Qa1 Qxa1+ 33. Bxa1 Kf8 34. Bb2 Ke7 1/2-1/2

[Event "2.ligaD04/05-9"]
[Site "?"]
[Date "????.??.??"]
[Round "?"]
[White "Senkyr, Vladimir"]
[Black "Sedlacek, Oldrich"]
[Result "0-1"]
[WhiteElo "2149"]
[BlackElo "2248"]
[PlyCount "72"]
[EventDate "2005.??.??"]

{192MB, Fritz8.ctg, V-ZIGO} 1. Nf3 Nf6 2. g3 b5 3. Bg2 Bb7 4. O-O e6 5. d3 c5
6. c4 b4 7. a3 a5 8. b3 Nc6 9. Bb2 Be7 10. a4 O-O 11. Nbd2 Qc7 12. Rc1 d6 13.
Qc2 Rae8 14. e3 e5 15. Rfe1 Nd7 16. d4 f5 17. d5 Nd8 18. Nf1 g6 19. N3d2 e4 20.
f4 exf3 21. Nxf3 Bf6 22. N1d2 Nf7 23. e4 Bxb2 24. Qxb2 Nde5 25. Qc2 Bc8 26. Nh4
Nh6 27. Rf1 Qe7 28. Rce1 fxe4 29. Rxf8+ Rxf8 30. Qxe4 Bf5 31. Qe3 Qg7 32. Be4
Neg4 33. Qe2 Qd4+ 34. Kg2 Re8 35. h3 Bxe4+ 36. Nxe4 Rxe4 0-1

[Event "2.ligaD04/05-9"]
[Site "?"]
[Date "????.??.??"]
[Round "?"]
[White "Kozlicek, Lubomir"]
[Black "Jurek, Miroslav"]
[Result "1-0"]
[WhiteElo "2158"]
[BlackElo "2127"]
[PlyCount "81"]
[EventDate "2005.??.??"]

{192MB, Fritz8.ctg, V-ZIGO} 1. e4 c6 2. d4 d5 3. exd5 cxd5 4. c3 Nc6 5. Nf3 Nf6
6. Bf4 Bg4 7. Nbd2 Qb6 8. Qb3 e6 9. Bd3 Be7 10. O-O O-O 11. h3 Bh5 12. Rfe1 Bg6
13. Bxg6 hxg6 14. Ne5 Nxe5 15. Bxe5 Nd7 16. Bg3 Rac8 17. Nf3 Qc6 18. Ne5 Nxe5
19. Bxe5 b5 20. a4 b4 21. cxb4 Qc2 22. Re3 Rc4 23. Qxc2 Rxc2 24. Rb3 Rfc8 25.
a5 f6 26. Bg3 R2c4 27. b5 Rxd4 28. b6 axb6 29. axb6 e5 30. b7 Rb8 31. Ra8 Bd6
32. Rb6 Kh7 33. Rxd6 Rxb7 34. Ra5 Rd1+ 35. Kh2 d4 36. h4 Rxb2 37. Ra7 Rbb1 38.
Kh3 Rh1+ 39. Kg4 Kh6 40. Bxe5 fxe5 41. Ra8 1-0

[Event "2.ligaD04/05-9"]
[Site "?"]
[Date "????.??.??"]
[Round "?"]
[White "Jelinek, Vaclav"]
[Black "Novotny, Bohuslav"]
[Result "1/2-1/2"]
[WhiteElo "2131"]
[BlackElo "2033"]
[PlyCount "100"]
[EventDate "2005.??.??"]

{192MB, Fritz8.ctg, V-ZIGO} 1. g3 {[%emt 0:00:00]} 1... e5 2. Bg2 Nf6 3. d3 d5
4. Nf3 Nc6 5. O-O Be7 6. c4 dxc4 7. Qa4 O-O 8. Qxc4 Be6 9. Qa4 h6 10. Nc3 Qd7
11. a3 a6 12. Re1 Rad8 13. b4 Nd4 14. Qxd7 Nxd7 15. Nxd4 exd4 16. Nb1 c6 17.
Bb2 Nb6 18. Nd2 Rd7 19. Nf3 Bf6 20. Rac1 Ra8 21. Nd2 a5 22. Ne4 axb4 23. axb4
Be7 24. Nc5 Bxc5 25. bxc5 Na4 26. Ba3 Ra5 27. e4 Rb5 28. f4 f6 29. Bf1 Rb3 30.
Ra1 Nc3 31. Bc1 Rd8 32. f5 Bd7 33. Bd2 Nb5 34. Be2 Rb2 35. Bc1 Rc2 36. Bd1 Rxc5
37. Bb3+ Kf8 38. Bc4 Be8 39. Ra5 Bf7 40. Bxb5 Rxb5 41. Ba3+ Ke8 42. Rxb5 cxb5
43. Rb1 Rc8 44. Rxb5 Rc3 45. Bb4 Rxd3 46. Rxb7 Bh5 47. Rxg7 Rb3 48. Rg8+ Kf7
49. Rf8+ Kg7 50. Rb8 Kh7 1/2-1/2

[Event "2.ligaD04/05-9"]
[Site "?"]
[Date "????.??.??"]
[Round "?"]
[White "Bina, Josef"]
[Black "Pochyly, Jan"]
[Result "1/2-1/2"]
[WhiteElo "2062"]
[BlackElo "2022"]
[PlyCount "95"]
[EventDate "2005.??.??"]

{192MB, Fritz8.ctg, V-ZIGO} 1. e4 c6 2. d4 d5 3. Nd2 dxe4 4. Nxe4 Bf5 5. Ng3
Bg6 6. Nf3 Nd7 7. Bd3 Bxd3 8. Qxd3 Qc7 9. O-O e6 10. Re1 Ngf6 11. Bg5 Be7 12.
Rad1 O-O 13. c3 Rac8 14. Nf5 Bd8 15. Ne3 Nd5 16. Nxd5 cxd5 17. Bxd8 Rfxd8 18.
Re3 Nf6 19. Ne5 Qe7 20. Rde1 g6 21. Rf3 Rc7 22. Qe3 Kg7 23. g4 Rf8 24. Kg2 Ne4
25. Rf4 h6 26. h4 Qd8 27. Rh1 Rh8 28. Rf3 Qe8 29. Rfh3 f5 30. f3 Nd6 31. Re1
Re7 32. Qf4 Qb8 33. Rhh1 Nc4 34. Nd3 Qxf4 35. Nxf4 Kf7 36. b3 Nd6 37. g5 h5 38.
Re2 Rhe8 39. Re3 Nb5 40. Rhe1 a6 41. a4 Na7 42. b4 b5 43. a5 Nc6 44. Nd3 Rd8
45. Nc5 Rd6 46. R3e2 Na7 47. Kf2 Nc6 48. f4 1/2-1/2

[Event "2.ligaD04/05-9"]
[Site "?"]
[Date "????.??.??"]
[Round "?"]
[White "Strnad, Josef"]
[Black "Vachtfeidl, Petr"]
[Result "0-1"]
[WhiteElo "2065"]
[BlackElo "2106"]
[PlyCount "110"]
[EventDate "2005.??.??"]

{192MB, Fritz8.ctg, V-ZIGO} 1. Nf3 Nf6 2. c4 g6 3. g3 Bg7 4. Bg2 d5 5. cxd5
Nxd5 6. Nc3 Nb6 7. O-O Nc6 8. d3 O-O 9. Rb1 h6 10. a3 a5 11. Be3 e5 12. Qc1 Kh7
13. Bxb6 cxb6 14. b4 Be6 15. Qd2 axb4 16. axb4 Qd7 17. Rfc1 Nd4 18. Nxd4 exd4
19. Nd1 Ra2 20. Rc2 Rxc2 21. Qxc2 Rc8 22. Qd2 Qa4 23. Nb2 Qb3 24. Qd1 Qxd1+ 25.
Nxd1 Rc2 26. Kf1 Bf8 27. Bxb7 Ba2 28. Rb2 Rxb2 29. Nxb2 Bxb4 30. Nc4 b5 31. Ne5
Bc3 32. Ba6 b4 33. Bc4 Bxc4 34. Nxc4 b3 35. e3 b2 36. Na3 f5 37. Ke2 dxe3 38.
fxe3 Kg7 39. d4 Kf6 40. Nb1 Bb4 41. Kd3 Kg5 42. h3 Bd6 43. g4 fxg4 44. hxg4
Kxg4 45. e4 Kf4 46. e5 Bxe5 47. dxe5 Kxe5 48. Ke3 h5 49. Nd2 Kd5 50. Kd3 h4 51.
Kc2 h3 52. Nf3 g5 53. Nh2 Ke4 54. Kxb2 Kf4 55. Kc2 g4 0-1

[Event "2.ligaD04/05-9"]
[Site "?"]
[Date "????.??.??"]
[Round "?"]
[White "Hron, Robert"]
[Black "Sykora, Karel"]
[Result "0-1"]
[WhiteElo "2115"]
[BlackElo "2119"]
[PlyCount "72"]
[EventDate "2005.??.??"]

{192MB, Fritz8.ctg, V-ZIGO} 1. d4 Nf6 2. c4 g6 3. Nc3 Bg7 4. Nf3 d6 5. e4 O-O
6. Be2 e5 7. O-O Nc6 8. d5 Ne7 9. Ne1 Nd7 10. Be3 f5 11. f3 f4 12. Bf2 g5 13.
b4 Nf6 14. c5 Ng6 15. Rc1 Rf7 16. a4 h5 17. cxd6 cxd6 18. Nb5 g4 19. Bxa7 b6
20. a5 Rfxa7 21. Nxa7 Rxa7 22. Qc2 Ne7 23. axb6 Qxb6+ 24. Kh1 h4 25. b5 Qe3 26.
Rb1 Rb7 27. Rb3 Qb6 28. Ra3 Rc7 29. Rc3 Rxc3 30. Qxc3 h3 31. Qc4 g3 32. Nd3 Nh5
33. Ra1 Qe3 34. Ne1 gxh2 35. Kxh2 Qf2 36. Ra8 Qg3+ 0-1

[Event "2.ligaD04/05-9"]
[Site "?"]
[Date "????.??.??"]
[Round "?"]
[White "Mouryc, Tomas"]
[Black "Hodac, Pavel"]
[Result "0-1"]
[WhiteElo "1686"]
[BlackElo "2045"]
[PlyCount "60"]
[EventDate "2005.??.??"]

{192MB, Fritz8.ctg, V-ZIGO} 1. Nf3 d5 2. c4 c6 3. cxd5 cxd5 4. d4 Nf6 5. e3 Nc6
6. Bd3 Bg4 7. Bd2 e6 8. O-O Bd6 9. Bc3 Ne4 10. Be2 O-O 11. h3 Bxf3 12. Bxf3 f5
13. Qe2 Qh4 14. Bxe4 fxe4 15. Be1 Qh6 16. f4 exf3 17. Rxf3 Rxf3 18. Qxf3 Rf8
19. Qe2 Ne7 20. Nd2 Rc8 21. Nb3 Nf5 22. Bf2 Qg5 23. Rc1 Rxc1+ 24. Nxc1 Nxd4 25.
exd4 Qxc1+ 26. Be1 e5 27. dxe5 Bb4 28. Kf1 Qxe1+ 29. Qxe1 Bxe1 30. Kxe1 Kf7 0-1

[Event "2.ligaD04/05-9"]
[Site "?"]
[Date "????.??.??"]
[Round "?"]
[White "Vechet, Stanislav"]
[Black "Hladik, Josef"]
[Result "1/2-1/2"]
[WhiteElo "2248"]
[BlackElo "2213"]
[PlyCount "90"]
[EventDate "2005.??.??"]

{409MB, EXEO} 1. d4 Nf6 2. Nf3 d5 3. c4 c6 4. Nc3 e6 5. e3 Nbd7 6. cxd5 exd5 7.
Bd3 Bd6 8. O-O O-O 9. Qc2 h6 10. a3 Re8 11. b4 a6 12. Bb2 Qe7 13. Bf5 Ne4 14.
Nxe4 dxe4 15. Nd2 Nf6 16. Bxc8 Raxc8 17. Rfc1 Nh5 18. Nf1 Rcd8 19. Qe2 Qh4 20.
h3 Nf6 21. Bc3 Nd5 22. Be1 Qe7 23. Rc2 Bb8 24. Rb1 Nb6 25. f4 exf3 26. Qxf3 Qe4
27. Qxe4 Rxe4 28. Bf2 f5 29. g3 Nd5 30. Rb3 Re6 31. a4 b5 32. axb5 axb5 33. Be1
Rd7 34. Ra3 Ra7 35. Rxa7 Bxa7 36. Bd2 Bb8 37. Kg2 Bc7 38. Kf3 Bd8 39. g4 fxg4+
40. hxg4 Be7 41. e4 Nxb4 42. Bxb4 Bxb4 43. e5 Bf8 44. Ke4 g6 45. Nd2 Kf7
1/2-1/2

[Event "2.ligaD04/05-9"]
[Site "?"]
[Date "????.??.??"]
[Round "?"]
[White "Uhmann, Jan"]
[Black "Symersky, Petr"]
[Result "0-1"]
[WhiteElo "2217"]
[BlackElo "2091"]
[PlyCount "52"]
[EventDate "2005.??.??"]

{409MB, EXEO} 1. d4 Nf6 2. c4 e6 3. Nc3 d5 4. Bg5 Be7 5. e3 Nbd7 6. Nf3 O-O 7.
Rc1 c6 8. a3 h6 9. Bh4 Ne4 10. Bxe7 Qxe7 11. Bd3 Nxc3 12. Rxc3 dxc4 13. Bxc4 e5
14. O-O e4 15. Nd2 Nf6 16. Qb3 b5 17. Be2 Be6 18. Qc2 Bd5 19. f3 Rad8 20. fxe4
Nxe4 21. Nxe4 Bxe4 22. Qc1 Rd6 23. Bf3 Rg6 24. Rc5 Bxf3 25. Rxf3 Qe4 26. Re5
Qxf3 0-1

[Event "2.ligaD04/05-9"]
[Site "?"]
[Date "????.??.??"]
[Round "?"]
[White "Svehla, Karel"]
[Black "Lastovicka, Jiri"]
[Result "1-0"]
[WhiteElo "2110"]
[BlackElo "2141"]
[PlyCount "160"]
[EventDate "2005.??.??"]

{409MB, EXEO} 1. Nf3 d5 2. g3 c5 3. Bg2 Nc6 4. O-O e5 5. d3 Be7 6. Nbd2 Be6 7.
e4 d4 8. Nc4 f6 9. a4 g5 10. b3 Qd7 11. a5 h5 12. h4 g4 13. Nfd2 Nh6 14. Nb1
Nf7 15. Nba3 Nd6 16. Nxd6+ Bxd6 17. Nb5 Be7 18. a6 b6 19. Na3 Nb4 20. Nc4 b5
21. Na3 Nxa6 22. f4 Nc7 23. fxe5 fxe5 24. Bd2 a5 25. Qc1 Rg8 26. Qb2 Qd6 27.
Nb1 Qb6 28. Kh2 Kd7 29. Be1 Ra6 30. Qc1 Rg6 31. Nd2 Ne8 32. c3 Nd6 33. cxd4
cxd4 34. Qb2 Nb7 35. Rg1 Qc7 36. Bf1 Rc6 37. Qb1 Bb4 38. Kh1 Rf6 39. Be2 Rc2
40. Qd1 Rc6 41. Rf1 Rxf1+ 42. Bxf1 Ke8 43. Be2 Qf7 44. Kg2 Kd7 45. Qb1 Kc7 46.
Bd1 Kb6 47. Qa2 Bc3 48. Rb1 Rc8 49. Nc4+ bxc4 50. Bxc3 dxc3 51. bxc4+ Ka7 52.
Qb3 Qc7 53. Qxc3 Rf8 54. Rb5 Qf7 55. Qe1 Qc7 56. Qe3+ Kb8 57. Rb6 Bd7 58. Be2
a4 59. c5 Rc8 60. d4 exd4 61. Qxd4 Qxc5 62. Rxb7+ Kxb7 63. Qxd7+ Kb6 64. Qxa4
Rf8 65. Qb3+ Kc7 66. Qc4 Qxc4 67. Bxc4 Kd6 68. Bd5 Ke5 69. Bb7 Kd4 70. Bd5 Rf6
71. Bb7 Rb6 72. Ba8 Ke3 73. Bd5 Rb2+ 74. Kf1 Rd2 75. Ba8 Kf3 76. e5+ Kxg3 77.
e6 Rd8 78. Bc6 Rf8+ 79. Ke1 Rf5 80. Kd1 Re5 1-0

[Event "2.ligaD04/05-9"]
[Site "?"]
[Date "????.??.??"]
[Round "?"]
[White "Bakos, Eduard"]
[Black "Sochna, Dusan"]
[Result "1/2-1/2"]
[WhiteElo "2146"]
[BlackElo "2190"]
[PlyCount "138"]
[EventDate "2005.??.??"]

{409MB, EXEO} 1. e4 c5 2. Nf3 a6 3. d4 cxd4 4. Nxd4 Nf6 5. Nc3 e5 6. Nf3 Bb4 7.
Bd2 d6 8. Bd3 Nc6 9. O-O h6 10. a3 Bc5 11. b4 Ba7 12. h3 Be6 13. Rb1 Qd7 14.
Kh2 O-O 15. Ne2 d5 16. Ng3 dxe4 17. Nxe4 Nxe4 18. Bxe4 Bb8 19. Bc3 Nd4 20. Bxd4
exd4+ 21. Kg1 Rd8 22. Nd2 Qc7 23. f4 f5 24. Bd3 Ba7 25. Qh5 Rf8 26. Rbe1 Ba2
27. Re5 Rf6 28. Rxf5 Bf7 29. Qd1 Rxf5 30. Bxf5 Qc3 31. Nb1 Qc6 32. Bd3 Rf8 33.
Kh1 Bb8 34. Nd2 Bd5 35. Qg4 Rf6 36. Rf2 Qc7 37. Be4 Bxe4 38. Nxe4 Rxf4 39. Rxf4
Qxf4 40. Qxf4 Bxf4 41. Kg1 Bc1 42. a4 Ba3 43. b5 axb5 44. axb5 Kf7 45. Kf2 Ke6
46. Ke2 Kd5 47. Kd3 Be7 48. Nd2 Bb4 49. Nf3 Bc5 50. Nh4 Be7 51. Nf3 Bf6 52. Nd2
b6 53. Nb3 h5 54. Nd2 h4 55. Ne4 Be5 56. Ng5 g6 57. Ne4 Bg7 58. Ng5 Bf6 59. Ne4
Bh8 60. Ng5 Bg7 61. Ne4 Ke5 62. c4 dxc3 63. Nxc3 Kf4 64. Nd5+ Kg3 65. Nxb6 Be5
66. Nc4 Bb8 67. Ne3 Kf2 68. b6 Bd6 69. b7 Bb8 1/2-1/2

[Event "2.ligaD04/05-9"]
[Site "?"]
[Date "????.??.??"]
[Round "?"]
[White "Kalendovsky, Jan"]
[Black "Cip, Dalibor"]
[Result "1/2-1/2"]
[WhiteElo "2123"]
[BlackElo "2179"]
[PlyCount "49"]
[EventDate "2005.??.??"]

{409MB, EXEO} 1. e4 c5 2. Nc3 Nc6 3. g3 g6 4. Bg2 Bg7 5. d3 d6 6. Be3 Nd4 7.
Qd2 e5 8. Nd1 Ne7 9. c3 Ndc6 10. Ne2 Be6 11. O-O Qd7 12. d4 cxd4 13. cxd4 Bc4
14. dxe5 dxe5 15. Qxd7+ Kxd7 16. Ndc3 Rhd8 17. Rfd1+ Ke8 18. Bf1 Be6 19. Nb5
Rd7 20. Rxd7 Kxd7 21. Rd1+ Kc8 22. Nd6+ Kc7 23. Nb5+ Kc8 24. Nd6+ Kc7 25. Nb5+
1/2-1/2